00415 a2200145 4500003000400000005001700004008004100021020001800062040000900080082001500089100001600104245011300120260002700233300000900260OSt20231109103011.0231109b |||||||| |||| 00| 0 eng d a9789392455223 coclc a297bREF/G aRefaye, A K aThe Guide and Guardian: bThe Life Story of Quaid-e-Millath Muhammed Ismail Sahib (1896-1972) /cA K Refaye aKerala:bGrace,c2023. a192p